| 000 | 00836nam a2200229 i 4500 | ||
|---|---|---|---|
| 001 | 16932 | ||
| 003 | ES-MaACL | ||
| 007 | t| | ||
| 008 | 001123s1987 sp ||||1| spa d | ||
| 020 | _a84-398-9113-X | ||
| 080 | _a75 Vicente, Esteban (064.3) | ||
| 100 | 0 |
_aVicente, Esteban, _d1903-2001 _9114332 |
|
| 245 | 1 | 0 |
_aEsteban Vicente _b: pinturas y collages 1925-1985 : Madrid, 24 de abril al 15 de junio de 1987, Banco Exterior de España, Sala de Exposiciones. |
| 260 |
_aMadrid : _bFundación Banco Exterior, _c1987. |
||
| 300 |
_a184 p. : _bil. ; _c28 cm. |
||
| 600 | 0 | 4 |
_aVicente, Esteban, _d1903-2001- _vExposiciones _9114333 |
| 655 | 7 |
_2tgfbne _9193628 _aCatálogos de exposiciones |
|
| 710 | 2 |
_aFundación Banco Exterior. _94226 |
|
| 852 |
_aES-MaACL _jG-3004 _bR.123377 |
||
| 942 | _2udc | ||
| 999 |
_c16932 _d16932 |
||